| 000 | 00521nam a2200169Ia 4500 | ||
|---|---|---|---|
| 999 |
_c34280 _d34280 |
||
| 003 | OSt | ||
| 005 | 20200907103939.0 | ||
| 008 | 190216s9999||||xx |||||||||||||| ||und|| | ||
| 020 | _a9788131729489 | ||
| 040 | _coclc | ||
| 082 |
_a500 _bLEE/S |
||
| 100 |
_aLee, Jeffrey A _94457 |
||
| 245 | 4 |
_aThe Scientific Endeavor Methodology And Prespectives Of Sciences / _cJeffrey A Lee |
|
| 260 |
_bPearson Education Asia, _c2000. _aNew Delhi; |
||
| 300 | _a100p | ||
| 942 |
_cBK _2ddc _h500 _iLEE/C _k500 _mLEE/C |
||